| 000 | 00606nam a2200205 a 4500 | ||
|---|---|---|---|
| 001 | 000035471 | ||
| 005 | 20200930074351.0 | ||
| 008 | 111101s1999 sp a 000 0 spa d | ||
| 020 | _a8430592342 | ||
| 040 |
_aDO-SdBNP _bspa _cBNPHU |
||
| 082 |
_axxxx _bxxxx |
||
| 100 | 1 |
_aÉgé, Monique _961333 |
|
| 245 | 1 | 0 |
_aMasaje para adelgazar / _cMonique Égé, Elizabeth Mayar. |
| 260 |
_aBarcelona, : _bSusaeta _bTikal, _c1999. |
||
| 300 |
_a182 p. : _bil. ; _c21 cm. |
||
| 490 | 1 |
_aNaturismo _v1 |
|
| 700 | 1 |
_aMayar, Elizabeth _961334 |
|
| 700 | 1 |
_aArrabal, Victoria, _etr. _961335 |
|
| 830 | 0 |
_aNaturismo _n1 _961336 |
|
| 999 |
_c34962 _d34962 |
||